Ďalšie odborné vzdelávanie dospelých osôb ako súčasť celoživotného vzdelávania
Analýza miery účasti dospelých na neformálnom vzdelávaní a porovnanie výsledkov za SR a priemer Európskej Únie. Pozornosť je venovaná aktívnym opatreniam trhu práce zameraným na vzdelávanie a prípravu pre trh práce uchádzačov o zamestnanie a zamestnancov v zmysle aktuálnych zmien od 1. mája 2013 v s...
Gespeichert in:
| 1. Verfasser: | |
|---|---|
| Format: | Buchkapitel |
| Sprache: | Slowakisch |
| Schlagworte: | |
| Tags: |
Keine Tags, Fügen Sie das erste Tag hinzu!
|
MARC
| LEADER | 00000nla a2200000 4500 | ||
|---|---|---|---|
| 001 | 0170091 | ||
| 005 | 20240502072938.7 | ||
| 041 | 0 | |a slo | |
| 044 | |a SK | ||
| 245 | 1 | 0 | |a Ďalšie odborné vzdelávanie dospelých osôb ako súčasť celoživotného vzdelávania |c Tímea Kolláriková |
| 520 | |a Analýza miery účasti dospelých na neformálnom vzdelávaní a porovnanie výsledkov za SR a priemer Európskej Únie. Pozornosť je venovaná aktívnym opatreniam trhu práce zameraným na vzdelávanie a prípravu pre trh práce uchádzačov o zamestnanie a zamestnancov v zmysle aktuálnych zmien od 1. mája 2013 v súvislosti so zákonom č. 5/2004 o službách zamestnanosti a o zmene a doplnení niektorých zákonov. | ||
| 610 | 2 | 0 | |a vzdelávanie celoživotné |
| 610 | 2 | 0 | |a vzdelávanie dospelých |
| 610 | 2 | 0 | |a vzdelávanie ďalšie |
| 610 | 2 | 0 | |a Slovensko |
| 610 | 2 | 0 | |a Európska únia |
| 100 | 1 | |a Kolláriková, Tímea | |